000 01024cam a22002774a 4500
001 12102325
005 20160930111248.0
008 000711s2001 njua b 001 0 eng
010 _a 00058863
020 _a0130279501
040 _aDLC
_cDLC
_dDLC
042 _apcc
050 0 0 _aHF5549
_b.G6924 2001
082 0 0 _aDC 658.3
_22001
_bG85s
100 1 _aGreer, Charles R.
245 1 0 _aStrategic human resource management/
_cCharles R. Greer.
250 _a2nd edition
260 _aUpper Saddle River, N.J.:
_bPrentice Hall,
_cc2001.
300 _axix, 348 pages:
_billustrations;
_c23 cm.
500 _aRev. ed. of: Strategy and human resources. c1995.
504 _aIncludes bibliographical references and index.
650 0 _aPersonnel management.
906 _a7
_bcbc
_corignew
_d1
_eocip
_f20
_gy-gencatlg
942 _2ddc
_cDC
999 _c4924
_d4924